00529nam a2200181 a 450008200160000010000160001624500450003226000430007730000080012050000350012850500100016365000190017365000210019270000160021394200070022995200960023699900150033200a954.84bANS aAnsari, N H aChronicles of the Seige of Golkonda Fort aDelhibIdarah-I Adabiyat-I Dellic1975 a46p aincludes index and biblioraphy2 aIndex aDeccan-History aGolconda-History1 aAnsari, N H cBK 00104070aHMIbHMId2008-01-22g20.00l0o954.84 ANSp010018r2008-01-22w2026-01-16yEB c8260d8260